| 000 | 01466nam a2200277Ia 4500 | ||
|---|---|---|---|
| 003 | PE SENCICO BE | ||
| 005 | 20260327193504.0 | ||
| 008 | 200515s9999 xx 000 0 und d | ||
| 020 | _a978-84-252-2567-3 | ||
| 040 |
_aPE SENCICO BE _cPE SENCICO BE |
||
| 082 |
_a747 _bG82 |
||
| 100 | 1 |
_aGrimley, Chris _9607 _eautor |
|
| 245 | 1 | 0 |
_aColor, espacio y estilo : _bdetalles para diseñadores de interiores / _cChris Grimley, Mimi Love |
| 250 | _a1a ed. | ||
| 260 |
_aBarcelona : _bGustavo Gili ; _c2015 |
||
| 300 |
_a287 p.: _bil. col., graf., _c21 cm. |
||
| 504 | _ap. 270-273. | ||
| 505 | 0 | _aEmpezar un proyecto de interiores -- Gestión del proyecto -- Conceptos básicos del dibujo -- Presentación y comunicación -- Proporciones de un espacios -- Tipos de estancias -- Normativa y códigos de accesibilidad -- Color -- Materiales -- Texturas -- Estampados y motivos -- Luz natural -- Luz artificial -- Instalaciones ocultas -- Detalles -- Mobiliario -- Accesorios y exposición -- Directrices de sostenibilidad | |
| 520 | 3 | _aSintetiza los enfoques del mundo del diseño interior y proporciona la información y las ideas esenciales para la redacción de proyectos de interiores de todas las escalas y su posterior ejecución | |
| 650 | 1 | 0 |
_aArquitectura de interiores _98 |
| 650 | 2 | 0 |
_aEspacios interiores _99 |
| 650 | 2 | 0 |
_aColor en el diseño _9435 |
| 650 | 2 | 0 |
_aDecoración de interiores _9398 |
| 700 | 1 |
_911 _aLove, Mimi _eautor |
|
| 942 |
_cLIB _2ddc |
||
| 999 |
_c2575 _d2575 |
||